Taylor Swift - Devine la chanson sans indices #48 - Statistiques

Statistiques générales
  • Ce quiz a été pris 384 fois
  • Le résultat moyen est 320 sur 455
Statistiques - réponses
Réponse % Correct
a
99%
A
99%
I
99%
you
98%
You
98%
the
95%
The
95%
me
92%
me?
92%
me,
92%
do
91%
your
90%
Your
90%
be
89%
love
89%
to
88%
it
87%
it?
87%
When
85%
when
85%
my
84%
on
84%
And
83%
was
83%
Was
83%
In
82%
in,
82%
in
82%
So
81%
that
81%
this
81%
where
81%
is
80%
Is
80%
go
78%
like
78%
what
78%
of
77%
she
77%
She
77%
but
76%
But
76%
all
75%
did
75%
I'm
75%
it's
75%
It's
75%
don't
74%
know
74%
can
73%
for
70%
if
70%
If
70%
why
70%
ever
69%
have
69%
'cause
68%
think
68%
her,
67%
time
67%
up
67%
want
67%
Would
67%
would
67%
just
66%
Just
66%
make
66%
at
65%
can't
65%
thing
64%
thing?
64%
get
62%
said
62%
from
61%
From
61%
tell
61%
with
61%
Betty,
60%
miss
59%
only
59%
Or
59%
car
58%
kiss
57%
see
57%
About
56%
about
56%
party
56%
says
56%
summer
56%
told
56%
anything
55%
seventeen,
55%
believe
54%
dream
54%
Will
54%
will
54%
worst
54%
heard
53%
him
53%
last
53%
now
53%
showed
53%
true
53%
couldn't
52%
friends?
52%
fuck
52%
myself?
52%
won't
52%
word
52%
saw
50%
times,
50%
again
49%
garden?
49%
garden
49%
Inez
49%
long
49%
Most
49%
one
49%
rumors
49%
Yeah,
49%
front
48%
home
48%
stupid
48%
cardigan
46%
trust
46%
wanna
46%
face
45%
"James,
45%
assumptions
44%
breathe
44%
hate
44%
porch
44%
house
43%
lead
43%
went
43%
broken
41%
here
41%
out
40%
dance
39%
let's
39%
switched
38%
wrong
38%
dreamed
37%
Kissin'
37%
Those
37%
drive"
36%
next
36%
Plus,
36%
riding
36%
Standing
36%
dreamt
35%
nights
35%
skateboard
35%
thinking
35%
homeroom
34%
passed
34%
Slept
34%
song
34%
wings?
34%
doorstep
33%
gym
33%
intentions
33%
walking
33%
favorite
32%
into
31%
right
31%
side
31%
days
30%
found
30%
crowds,
29%
far
29%
patch
29%
playing
29%
nowhere
28%
pulled
28%
happens
25%
turned
25%
cobblestones
24%
finally
23%
weeks
23%
sinkin'
21%
planned
19%
figment
16%
Stopped
16%
streetlight
16%
Aucun quiz correspondant
Distribution des résultats
% des personnes avec chaque résultat
Percentile par nombre de réponses
Votre historique - résultats
Vous n’avez pas pris ce quiz